00401 2200157 4500245005600000020002200056250001100078100003500089650001600124005001900140260003000159041001400189084000800203300002300211336000900234 aAku MelihatmucMuhammad Ardi Ansha El-ZhemaryhText a978-602-391-163-9 aCet. 1 aMuhammad Ardi Ansha El-Zhemary aNovel Fiksi a20230110112109 aYogyakartabPing!!!c2016 aIndonesia a813 a256 hlm. :c19 cm. atext